| 000 | 00403nam a22001577a 4500 | ||
|---|---|---|---|
| 003 | OSt | ||
| 005 | 20220203143208.0 | ||
| 008 | 220203b |||||||| |||| 00| 0 eng d | ||
| 020 | _a8185461074 | ||
| 040 | _cH.U | ||
| 082 | _a621.3916 | ||
| 100 |
_aRafiquzzaman _924340 |
||
| 245 | _aMicroprocessors & Miccrocomputer Based System Design | ||
| 260 |
_aNew Delhi _bUniversal _c2003 |
||
| 942 |
_2ddc _cBOOKS _n0 |
||
| 999 |
_c29188 _d29188 |
||